| 000 | 00657nam a2200229Ia 4500 | ||
|---|---|---|---|
| 008 | 140626s9999 xx 000 0 und d | ||
| 100 | _aKramer, Elisabeth. | ||
| 245 |
_aWhen news becomes entertainment : _b representations of corruption in Indonesia's media and the implication of scandal / _cElisabeth Kramer. |
||
| 260 | _cc2013. | ||
| 300 | _a40 : 1, page 60 | ||
| 440 | _aMedia Asia | ||
| 521 | _aMC | ||
| 650 | _aCommunication. | ||
| 650 | _aCorruption. | ||
| 650 | _aEntertainment. | ||
| 650 | _aInformation dissemination. | ||
| 650 | _aMedia. | ||
| 650 | _aNews writing. | ||
| 650 | _aPolitics. | ||
| 650 | _aScandal. | ||
| 942 | _cSE | ||
| 999 |
_c121188 _d121188 |
||